New Course Secondary Mathematics (Record no. 1338)
[ view plain ]
| 000 -LEADER | |
|---|---|
| fixed length control field | 00229nam a22000857a 4500 |
| 008 - FIXED-LENGTH DATA ELEMENTS--GENERAL INFORMATION | |
| fixed length control field | 160630b xxu||||| |||| 00| 0 eng d |
| 100 ## - MAIN ENTRY--PERSONAL NAME | |
| 9 (RLIN) | 1613 |
| Personal name | Sarna, C.S., et al |
| 245 ## - TITLE STATEMENT | |
| Title | New Course Secondary Mathematics |
| 260 ## - PUBLICATION, DISTRIBUTION, ETC. (IMPRINT) | |
| Place of publication, distribution, etc. | N.D |
| Name of publisher, distributor, etc. | Arya |
| Date of publication, distribution, etc. | 2004 |
| Withdrawn status | Lost status | Source of classification or shelving scheme | Damaged status | Not for loan | Home library | Current library | Date acquired | Total Checkouts | Full call number | Barcode | Date last seen | Price effective from | Koha item type | Shelving location |
|---|---|---|---|---|---|---|---|---|---|---|---|---|---|---|
| Dewey Decimal Classification | Good Samaritan School Library | Good Samaritan School Library | 06/30/2016 | 510 | SAR2115 | 06/30/2016 | 06/30/2016 | BOOK | ||||||
| Dewey Decimal Classification | Good Samaritan School Library | Good Samaritan School Library | 01/17/2018 | SAR510 | SAR2110 | 01/17/2018 | 01/17/2018 | BOOK | Mathematics |